Melanie Martinez - Cry Baby (Pistes) - Statistiques

Statistiques générales
  • Ce quiz a été pris 25 fois
  • Le résultat moyen est 13 sur 17
Statistiques - réponses
Hint Réponse % Correct
1 Cry Baby
95%
2 Dollhouse
95%
8 Pity Party
95%
10 Milk and Cookies
86%
11 Pacify Her
86%
9 Tag You're It
86%
3 Sippy Cup
81%
6 Soap
81%
14 (Deluxe) Play Date
76%
5 Alphabet Boy
71%
4 Carousel
71%
13 Mad Hatter
71%
12 Mrs Potato Head
71%
7 Training Wheels
71%
16 (Deluxe) Cake
67%
15 (Deluxe) Teddy Bear
67%
Bonus Gingerbread Man
48%
Aucun quiz correspondant
Distribution des résultats
% des personnes avec chaque résultat
Percentile par nombre de réponses
Votre historique - résultats
Vous n’avez pas pris ce quiz